| 000 | nam a22 a 4500 | ||
|---|---|---|---|
| 999 |
_c409660 _d409660 |
||
| 003 | BLK | ||
| 005 | 20210614090151.0 | ||
| 008 | 180410b bul|||||r ||||||| ||bul|| | ||
| 010 | _aKNG00161251000 | ||
| 020 | _a9789542834625 | ||
| 040 | _aBLK | ||
| 041 |
_aBUL _cBUL |
||
| 080 |
_aМитологични сказания и сюжети _b398.22 _z398.22 |
||
| 100 |
_aАрмстронг, Карън _eпърви автор _9325751 |
||
| 139 |
_aАрмстронг, Карън _bА 86 |
||
| 245 | 1 | 0 |
_aКратка история на мита _cКарън Армстронг; прев. от англ. Владимир Молев. |
| 257 | _aBGR | ||
| 260 |
_aСофия _bСиела Норма _c2021 _fСофия : Алианс Принт _9217021 _n978-954-28- |
||
| 300 |
_a170 с. _c19 см |
||
| 380 | _a3 | ||
| 500 | _aОриг. загл. A Short History of Myth / Karen Armstrong. | ||
| 650 | 7 |
_9162438 _aМитология - теория |
|
| 653 | 7 |
_aмитология _9191146 |
|
| 700 | 1 |
_aМолев, Владимир Георгиев _eпрев. от англ. _998667 |
|
| 856 | 4 | _qpdf | |
| 856 | 4 | _qpdf | |
| 942 |
_cKNG _n0 _05 _s1 |
||
| 944 | _kТД | ||